000 00349nam a2200157Ia 4500
008 221030s9999 xx 000 0 und d
020 _a8120326393
041 _aEnglish
082 _a105.23
_bGho
100 _aS. Ghosh
245 0 _aProgramming in C
260 _bPHI
_aNew Delhi
_c2004
300 _a314
650 _aMBA Computers
942 _cBK
999 _c2388
_d2388